| 000 | 00682cam a2200205 4500 | ||
|---|---|---|---|
| 001 | WB3714-48 | ||
| 008 | 000000n2001 000 0 eng u | ||
| 035 | _a(Sirsi) u111862 | ||
| 245 | _aFarmers should go to market | ||
| 260 | _c2001 | ||
| 490 |
_aFinancial Times _v 4 April 2001, 23(2) |
||
| 520 | _aExamines agricultural issues raised by recent farming crises, especially the debate over organic, small-scale farming and local trade against modern farming practices. | ||
| 590 | _aWB | ||
| 650 | _aFARMING PRACTICES | ||
| 650 | _aORGANIC FARMING | ||
| 650 | _aINTENSIVE FARMING | ||
| 650 | _aFARMING INDUSTRY | ||
| 690 | _aRURAL-AGRICULTURE AND FORESTRY | ||
| 942 | _n0 | ||
| 999 |
_c66664 _d66664 |
||